Effect of flow breakers on the VUV photolysis of aqueous solution of coumarin

Vacuum ultraviolet (VUV) photolysis is one of the Advanced Oxidation Processes (AOPs) for the elimination of trace pollutants from water and air. During VUV photolysis reactive species (mainly H and OH) can be generated directly from water without the addition of any chemicals. The penetration dep...

Teljes leírás

Elmentve itt :
Bibliográfiai részletek
Szerzők: Farkas Luca
Náfrádi Máté
Alapi Tünde
Testületi szerző: International Symposium on Analytical and Environmental Problems (25.) (2019) (Szeged)
Dokumentumtípus: Könyv része
Megjelent: 2019
Sorozat:Proceedings of the International Symposium on Analytical and Environmental Problems
Kulcsszavak:Analitikai kémia
Online Access:http://acta.bibl.u-szeged.hu/64863
LEADER 02238naa a2200229 i 4500
001 acta64863
005 20260224081030.0
008 200320s2019 hu o 100 eng d
020 |a 978-963-306-702-4 
040 |a SZTE Egyetemi Kiadványok Repozitórium  |b hun 
041 |a eng 
100 1 |a Farkas Luca 
245 1 0 |a Effect of flow breakers on the VUV photolysis of aqueous solution of coumarin  |h [elektronikus dokumentum] /  |c  Farkas Luca 
260 |c 2019 
300 |a 307-311 
490 0 |a Proceedings of the International Symposium on Analytical and Environmental Problems 
520 3 |a Vacuum ultraviolet (VUV) photolysis is one of the Advanced Oxidation Processes (AOPs) for the elimination of trace pollutants from water and air. During VUV photolysis reactive species (mainly H and OH) can be generated directly from water without the addition of any chemicals. The penetration depth of VUV radiation in water is very small, only 0.04 mm, so reactive species form and react with organic compounds and dissolved O2 in this extremely thin layer. Carbon centered radicals can react at a longer distance from the light source, and their fast reaction with dissolved O2 results in an O2 poor layer, wider than the photo reaction zone. Consequently VUV irradiated solution is an extremely inhomogeneous system. To reduce the inhomogeneity of the VUV irradiated aqueous solution flow breakers (PTFE rings) were used to enhance the mass transfer into the zone determined by the reactions of primary, carbon centered and peroxyl radicals. Coumarin and its hydroxylated byproduct, the umbelliferone (7-hydroxy-coumarin) were used as model compounds. The effects of the PTFE rings on the transformation rate of coumarin and formation rate of umbelliferone were investigated in O2-saturated and O2-free solutions. The detailed investigation of the concentration effect of both dissolved O2 and coumarin is also reported in this work. 
695 |a Analitikai kémia 
700 0 1 |a Náfrádi Máté  |e aut 
700 0 1 |a Alapi Tünde  |e aut 
710 |a International Symposium on Analytical and Environmental Problems (25.) (2019) (Szeged) 
856 4 0 |u http://acta.bibl.u-szeged.hu/64863/1/proceedings_of_isaep_2019_307-311.pdf  |z Dokumentum-elérés